000 01109nam a2200265 4500
001 0000021507
003 CO-CtgCURN
005 20250430165420.0
007 ta
008 160627s2001 000 0 eng d
020 _a9968380040
040 _aCO-CtgCURN
_bspa
_ccoctgcurn
082 0 _a347.030
_bA52e
100 1 _aAlcala Niceto, Zamora.
245 1 0 _aEstudios de teoria e historia del proceso /
_cZamora Alcala Niceto.
260 _aMexico :
_bJuridica Universitaria,
_c2001.
300 _a320 p.
490 1 _aClasicos de la Teoria General del Proceso
500 _aIncluye indice.
505 8 _aAlgunas concepciones menores acerca de la naturaleza del proceso.--Nocion del proceso preliminar.--Trayectoria y contenido de una teoria general del proceso.--Sucesivas posturas de carnelutti en cuanto al fin y naturaleza del proceso su tesis del enjuiciamiento criminal como juridicción voluntaria
650 1 4 _aFilosofia del derecho procesal
_zMexico.
908 _a160627
942 _cBK
_h347.030
_iA52e
_2ddc
_n0
999 _c8446
_d8446